LEADER 01320nam--2200409---450- 001 990002463230203316 005 20090715164420.0 010 $a88-15-10201-9 035 $a000246323 035 $aUSA01000246323 035 $a(ALEPH)000246323USA01 035 $a000246323 100 $a20050830d2004----km-y0itay0103----ba 101 $aita 102 $aIT 105 $a||||||||001yy 200 1 $aIlleciti atipici$el'abuso del diritto, la frode alla legge, lo sviamento di potere$fManuel Atienza, Juan Ruiz Manero 210 $aBologna$cIl Mulino$dcopyr. 2004 215 $a145 p.$d22 cm 225 2 $aRicerca$iDiritto 300 $aEd. italiana a cura di Michele Taruffo. - Trad. di Valentina Carnevale 410 0$12001$aRicerca$iDiritto 454 1$12001$aIlicitos atipicos$950206 606 0 $aIllecito civile 676 $a346.4603 700 1$aATIENZA,$bManuel$0285133 701 1$aRUIZ MANERO,$bJuan$0285134 801 0$aIT$bsalbc$gISBD 912 $a990002463230203316 951 $aXXV.1.K 121 (IG I 2281)$b47025 G.$cXXV.1.K 121 (IG I)$d00179861 959 $aBK 969 $aGIU 979 $aMARIASEN$b90$c20050830$lUSA01$h1457 979 $aMARIASEN$b90$c20050916$lUSA01$h1055 979 $aRSIAV4$b90$c20090715$lUSA01$h1644 996 $aIlicitos atipicos$950206 997 $aUNISA